[Event "4NCL Division 2d"]
[Site "Hinckley Island ENG"]
[Date "2014.05.05"]
[Round "11.87"]
[White "Lunn, Matthew"]
[Black "Jones, Steven A"]
[Result "1-0"]
[WhiteElo "2044"]
[BlackElo "2079"]
[PlyCount "45"]
[EventDate "2014.05.05"]
[WhiteTeam "KJCA Kings"]
[BlackTeam "Bradford DCA Knights A"]

1. d4 Nf6 2. c4 e6 3. Nc3 Bb4 4. Qc2 Nc6 5. Nf3 d6 6. Bg5 h6 7. Bd2 O-O 8. e4
e5 9. d5 Ne7 10. Be2 Ng6 11. g3 Qe7 12. h4 Bxc3 13. Bxc3 h5 14. Nd2 Qd8 15. Nf1
c6 16. Ne3 Ne7 17. f4 Qb6 18. Kd2 Re8 19. f5 Bd7 20. g4 hxg4 21. Bxg4 cxd5 22.
cxd5 Ba4 23. Qxa4 1-0

[Event "4NCL Division 2d"]
[Site "Hinckley Island ENG"]
[Date "2014.05.05"]
[Round "11.88"]
[White "Bak, Andrew"]
[Black "Giles, Yasmin"]
[Result "1-0"]
[WhiteElo "2041"]
[BlackElo "1865"]
[PlyCount "111"]
[EventDate "2014.05.05"]
[WhiteTeam "Bradford DCA Knights A"]
[BlackTeam "KJCA Kings"]

1. e4 c6 2. d4 d5 3. e5 c5 4. c4 cxd4 5. Qxd4 e6 6. cxd5 Nc6 7. Bb5 Qxd5 8.
Qxd5 exd5 9. f4 Bc5 10. Nc3 Nge7 11. Na4 Bb4+ 12. Bd2 Bxd2+ 13. Kxd2 Bf5 14.
Ne2 O-O-O 15. Rac1 Kb8 16. Nc5 f6 17. exf6 gxf6 18. Rhd1 Rd6 19. Ke1 Rhd8 20.
Rd2 a6 21. Bd3 Bxd3 22. Rxd3 Ka7 23. Rh3 Rh8 24. Rd1 h6 25. Nc3 b6 26. Nb3 Rg8
27. Kf2 f5 28. Re3 Rgd8 29. Nd4 R8d7 30. Nce2 Rf6 31. Nf3 Rfd6 32. Ned4 b5 33.
Ne5 Nxe5 34. Rxe5 Rc7 35. Rd2 Rf6 36. Rde2 Nc6 37. Nxc6+ Rfxc6 38. Rxd5 Rc2 39.
Rdd2 R2c5 40. Re6 Rc2 41. Ke3 R7c6 42. Re5 R6c5 43. Kd3 R2c4 44. Rxc5 Rxc5 45.
Kd4 Kb6 46. Re2 Rc6 47. Ke5 Rc5+ 48. Kf6 Ka5 49. Kg6 Kb4 50. Kxh6 a5 51. Kg6 a4
52. h4 Ka5 53. h5 Rc4 54. Kxf5 b4 55. Re5+ Kb6 56. Re6+ 1-0

[Event "4NCL Division 2d"]
[Site "Hinckley Island ENG"]
[Date "2014.03.23"]
[Round "8.51"]
[White "Fernandez, Michael H"]
[Black "Rutter, Nick J"]
[Result "1/2-1/2"]
[WhiteElo "1985"]
[BlackElo "2169"]
[PlyCount "138"]
[EventDate "2014.03.23"]
[WhiteTeam "Bradford DCA Knights A"]
[BlackTeam "Wessex"]

1. e4 c5 2. Nf3 Nc6 3. Bb5 Nf6 4. Nc3 g6 5. e5 Ng4 6. Bxc6 dxc6 7. d3 Bg7 8.
Bf4 Nh6 9. h3 Nf5 10. O-O Nd4 11. Ne4 b6 12. c3 Nxf3+ 13. Qxf3 O-O 14. Qe3 Qd5
15. d4 cxd4 16. cxd4 Bb7 17. Nc3 Qe6 18. Rad1 Ba6 19. Rfe1 Bc4 20. b3 Bd5 21.
Bh6 a5 22. Bxg7 Kxg7 23. Na4 Rab8 24. Qg5 Rb7 25. f4 Rd8 26. Rf1 f6 27. Qg3 Qf5
28. Qe3 Qc2 29. Rd2 Qe4 30. Qxe4 Bxe4 31. Nc3 Bd5 32. Kf2 Be6 33. Ke3 fxe5 34.
fxe5 Ra7 35. Rfd1 b5 36. d5 Bxd5 37. Nxd5 cxd5 38. Rxd5 Rxd5 39. Rxd5 b4 40.
Rb5 Kf7 41. Ke4 Ke6 42. g3 a4 43. Rxb4 axb3 44. axb3 Ra1 45. Rb6+ Kd7 46. h4
Re1+ 47. Kf4 Rf1+ 48. Kg5 Kc7 49. Ra6 Rf3 50. g4 Rxb3 51. Ra7+ Kd8 52. Ra8+ Kd7
53. Rh8 h5 54. gxh5 gxh5 55. Rxh5 Ke6 56. Kg6 Rh3 57. Rh7 Rg3+ 58. Kh6 Re3 59.
Kg7 Kxe5 60. Rh5+ Kf4 61. Ra5 e5 62. h5 Rg3+ 63. Kf7 Rh3 64. Kg6 e4 65. h6 e3
66. Ra2 Kf3 67. h7 Rxh7 68. Kxh7 e2 69. Rxe2 Kxe2 1/2-1/2

[Event "4NCL Division 2d"]
[Site "Hinckley Island ENG"]
[Date "2014.03.23"]
[Round "8.52"]
[White "Lock, Gavin R"]
[Black "Somerset, William P"]
[Result "1-0"]
[WhiteElo "2175"]
[BlackElo "2026"]
[PlyCount "131"]
[EventDate "2014.03.23"]
[WhiteTeam "Wessex"]
[BlackTeam "Bradford DCA Knights A"]

1. d4 Nf6 2. Bg5 e6 3. Nf3 h6 4. Bh4 d5 5. e3 c6 6. c4 Nbd7 7. Nc3 Be7 8. Rc1
O-O 9. Bd3 dxc4 10. Bxc4 Nd5 11. Bxe7 Qxe7 12. O-O Nxc3 13. Rxc3 e5 14. Bb3 e4
15. Nd2 Nf6 16. Qb1 Bf5 17. f3 Bg6 18. f4 Bf5 19. h3 h5 20. Rc5 g6 21. Rfc1
Rad8 22. Nf1 h4 23. Qc2 Rd6 24. Qf2 Nd5 25. a3 Rfd8 26. Ba2 Kg7 27. Nd2 Nb6 28.
Re5 Qf6 29. Nxe4 Bxe4 30. Rxe4 Nd7 31. b4 Rh8 32. Re5 Qd8 33. Ra5 a6 34. Qf3
Nb8 35. Rf1 f6 36. Rc5 Nd7 37. Rc2 Nb6 38. f5 g5 39. Be6 Na8 40. Kh1 Nc7 41.
Bb3 Kh6 42. Bc4 Ne8 43. a4 Ng7 44. Bf7 Qd7 45. Bg6 Rd5 46. Rc5 Rd8 47. Rfc1 Qe7
48. b5 Rxc5 49. Rxc5 axb5 50. axb5 Ra8 51. Rc1 Ra3 52. bxc6 bxc6 53. Re1 Qd7
54. Rc1 Qe7 55. Re1 Qd7 56. Qf2 Ra4 57. Qc2 Ra5 58. Qc3 Rd5 59. Rc1 Nxf5 60.
Bxf5 Rxf5 61. Qxc6 Qe7 62. e4 Rf4 63. e5 Rxd4 64. exf6 Qd6 65. f7 Qxc6 66.
f8=Q+ 1-0

[Event "4NCL Division 2d"]
[Site "Hinckley Island ENG"]
[Date "2014.03.23"]
[Round "8.53"]
[White "Lang, Adam R"]
[Black "Gregory, Keith DF"]
[Result "1/2-1/2"]
[WhiteElo "2159"]
[BlackElo "2028"]
[PlyCount "84"]
[EventDate "2014.03.23"]
[WhiteTeam "Bradford DCA Knights A"]
[BlackTeam "Wessex"]

1. e4 d6 2. d4 Nf6 3. Nc3 Nbd7 4. Nf3 e5 5. Bg5 c6 6. Qd2 Qc7 7. Be2 h6 8. Bh4
a6 9. h3 b5 10. a3 Bb7 11. O-O g5 12. Bg3 Nh5 13. Rfe1 Nxg3 14. fxg3 Bg7 15. d5
Nb6 16. Kh1 cxd5 17. Nxd5 Nxd5 18. exd5 O-O 19. g4 Qc5 20. Rad1 e4 21. Nd4 Qxd5
22. Qe3 Bxd4 23. Rxd4 Qe5 24. Rf1 d5 25. Rf5 Qe6 26. Rd1 f6 27. c3 Rad8 28. Rd4
Rd6 29. Bd1 Rfd8 30. Bb3 Kg7 31. Rd1 Qd7 32. Rd4 Qe7 33. Kg1 Qc7 34. Kf1 R6d7
35. Ke2 Rd6 36. Qg3 Qc5 37. Qe3 Qc7 38. Rf1 Re6 39. Rfd1 Qe5 40. Rf1 Qc7 41.
Rfd1 Qe5 42. Rf1 Qc7 1/2-1/2

[Event "4NCL Division 2d"]
[Site "Hinckley Island ENG"]
[Date "2014.03.23"]
[Round "8.54"]
[White "Simons, Martin J"]
[Black "Jones, Steven A"]
[Result "1/2-1/2"]
[WhiteElo "2096"]
[BlackElo "2070"]
[PlyCount "88"]
[EventDate "2014.03.23"]
[WhiteTeam "Wessex"]
[BlackTeam "Bradford DCA Knights A"]

1. d4 Nf6 2. Nc3 d5 3. e4 Nxe4 4. Nxe4 dxe4 5. Bf4 Nc6 6. Bb5 a6 7. Bxc6+ bxc6
8. c3 e6 9. Qe2 Bd6 10. Qxe4 O-O 11. Nf3 Rb8 12. b3 c5 13. dxc5 Bb7 14. Qe3
Bxf4 15. Qxf4 Qd3 16. Qe3 Rfd8 17. Qxd3 Rxd3 18. Rc1 Rbd8 19. O-O Bxf3 20. gxf3
Rxf3 21. Rfd1 Rfd3 22. Rxd3 Rxd3 23. Kf1 Kf8 24. Ke2 Rh3 25. b4 Rxh2 26. a4 Ke8
27. Rd1 Rh3 28. f3 Rh2+ 29. Ke3 Ra2 30. b5 axb5 31. axb5 h5 32. c4 Rb2 33. c6
h4 34. Kd3 g5 35. Kc3 Ra2 36. c5 f5 37. b6 Ra8 38. b7 Rb8 39. Kd4 h3 40. Ke5
Kf7 41. Rd7+ Kg6 42. Rd2 Kf7 43. Rd7+ Kg6 44. Rd2 Kf7 1/2-1/2

[Event "4NCL Division 2d"]
[Site "Hinckley Island ENG"]
[Date "2014.03.23"]
[Round "8.55"]
[White "Hackner, Oskar A"]
[Black "de Coverly, Roger D"]
[Result "1-0"]
[WhiteElo "2105"]
[BlackElo "2017"]
[PlyCount "65"]
[EventDate "2014.03.23"]
[WhiteTeam "Bradford DCA Knights A"]
[BlackTeam "Wessex"]

1. d4 Nf6 2. c4 g6 3. Nc3 Bg7 4. e4 d6 5. Bd3 e5 6. d5 O-O 7. Nge2 Na6 8. f3
Nc5 9. Bc2 a5 10. Bg5 h6 11. Be3 Ne8 12. O-O Bd7 13. a3 b6 14. Qd2 h5 15. b4
Nb7 16. Rab1 Bf6 17. Nc1 Be7 18. Nd3 Ng7 19. c5 axb4 20. axb4 bxc5 21. bxc5
Nxc5 22. Bxc5 dxc5 23. Nxe5 Bf6 24. f4 Qe7 25. Nxd7 Bd4+ 26. Kh1 Qxd7 27. Bb3
Rab8 28. e5 Qe7 29. d6 cxd6 30. Nd5 Qd8 31. Nf6+ Kh8 32. f5 Nxf5 33. Rxf5 1-0

[Event "4NCL Division 2d"]
[Site "Hinckley Island ENG"]
[Date "2014.03.23"]
[Round "8.56"]
[White "Pleasants, Allan J"]
[Black "Drabble, Andrew"]
[Result "1/2-1/2"]
[WhiteElo "2052"]
[BlackElo "2082"]
[PlyCount "45"]
[EventDate "2014.03.23"]
[WhiteTeam "Wessex"]
[BlackTeam "Bradford DCA Knights A"]

1. Nf3 Nf6 2. g3 d5 3. c4 c6 4. Bg2 Nbd7 5. cxd5 cxd5 6. d4 e6 7. Nc3 Be7 8.
O-O O-O 9. Qd3 b6 10. Bf4 Nh5 11. Bd2 Nhf6 12. Rac1 a6 13. e4 dxe4 14. Nxe4 Bb7
15. Nfg5 Nxe4 16. Nxe4 Bd5 17. Bf4 Nf6 18. Rc2 Nxe4 19. Bxe4 Bxe4 20. Qxe4 Bd6
21. Be5 Ra7 22. Rfc1 Rd7 23. Rc6 1/2-1/2

[Event "4NCL Division 2d"]
[Site "Hinckley Island ENG"]
[Date "2014.03.23"]
[Round "8.57"]
[White "Sullivan, Daniel JS"]
[Black "Gill, Oliver"]
[Result "0-1"]
[WhiteElo "1972"]
[BlackElo "2009"]
[PlyCount "86"]
[EventDate "2014.03.23"]
[WhiteTeam "Bradford DCA Knights A"]
[BlackTeam "Wessex"]

1. c4 b6 2. Nc3 Bb7 3. e4 e5 4. Nf3 Nc6 5. Be2 Bc5 6. Nxe5 Nxe5 7. d4 Bd6 8.
dxe5 Bxe5 9. Nd5 Nf6 10. f4 Bd6 11. Nxf6+ Qxf6 12. e5 Bb4+ 13. Bd2 Bxd2+ 14.
Qxd2 Qh4+ 15. g3 Qh3 16. Bf1 Qe6 17. Bg2 Bxg2 18. Qxg2 O-O 19. Qd5 Qxd5 20.
cxd5 d6 21. O-O dxe5 22. fxe5 Rad8 23. Rac1 Rxd5 24. Rxc7 a5 25. Rb7 b5 26. Re7
Rd2 27. Rf2 Rxf2 28. Kxf2 Rc8 29. Ke3 Kf8 30. Rb7 b4 31. Ke4 Rc2 32. Rb8+ Ke7
33. Rb7+ Ke8 34. Rb8+ Ke7 35. Rb7+ Ke8 36. Rb8+ Kd7 37. Rb7+ Ke6 38. Rb6+ Kd7
39. Rb7+ Kc6 40. Rxf7 Rxb2 41. Rf3 Rxa2 42. Rd3 a4 43. e6 Re2+ 0-1

[Event "4NCL Division 2d"]
[Site "Hinckley Island ENG"]
[Date "2014.03.23"]
[Round "8.58"]
[White "Zhou, Yang-Jian"]
[Black "Bak, Andrew"]
[Result "1/2-1/2"]
[WhiteElo "1712"]
[BlackElo "2048"]
[PlyCount "84"]
[EventDate "2014.03.23"]
[WhiteTeam "Wessex"]
[BlackTeam "Bradford DCA Knights A"]

1. Nf3 Nf6 2. c4 g6 3. Nc3 Bg7 4. d4 d6 5. e4 O-O 6. Be2 e5 7. d5 Ne8 8. Be3 f5
9. Bg5 Qd7 10. exf5 gxf5 11. Qd2 a5 12. Bh6 Rf6 13. Bxg7 Qxg7 14. h4 Na6 15.
Rg1 Nc5 16. Nh2 Qh6 17. Qg5+ Qxg5 18. hxg5 Rf7 19. Bh5 Re7 20. O-O-O Bd7 21. f3
Rg7 22. g4 Rxg5 23. gxf5 Rxg1 24. Rxg1+ Kh8 25. Ng4 Bxf5 26. Nh6 Bg6 27. Ne4
Nxe4 28. fxe4 Kg7 29. Nf5+ Kf7 30. Nh6+ Kg7 31. Nf5+ Kf7 32. Nh6+ Kf6 33. Ng8+
Kg7 34. Ne7 Nf6 35. Nxg6 Nxh5 36. Nxe5+ Kf6 37. Ng4+ Kf7 38. e5 dxe5 39. Nxe5+
Kf6 40. Rh1 Kg5 41. Nf7+ Kg6 42. Ne5+ Kg5 1/2-1/2

[Event "4NCL Division 2d"]
[Site "Hinckley Island ENG"]
[Date "2014.03.23"]
[Round "8.61"]
[White "Gantner, Matthias"]
[Black "Strugnell, Carl P"]
[Result "1-0"]
[WhiteElo "2231"]
[BlackElo "2281"]
[PlyCount "63"]
[EventDate "2014.03.23"]
[WhiteTeam "White Rose 2"]
[BlackTeam "Rhyfelwyr Essyllwg"]

1. e4 e6 2. d4 d5 3. Nc3 Nf6 4. e5 Nfd7 5. Nf3 c5 6. dxc5 Nc6 7. Bf4 a6 8. Bd3
h6 9. h4 Nxc5 10. Qd2 b5 11. Ne2 Nxd3+ 12. Qxd3 Qb6 13. O-O b4 14. c4 bxc3 15.
bxc3 a5 16. Rfb1 Qa7 17. Ned4 Nxd4 18. Nxd4 Ba6 19. Nb5 Qc5 20. a4 Be7 21. Qg3
Kf8 22. Rb3 Qc4 23. Rab1 Kg8 24. Nd6 Bxd6 25. exd6 Kh7 26. Be5 Rhg8 27. Rb8 f6
28. Bxf6 Qe4 29. Rxa8 Qxb1+ 30. Kh2 Qb7 31. Rxg8 Kxg8 32. Bxg7 1-0

[Event "4NCL Division 2d"]
[Site "Hinckley Island ENG"]
[Date "2014.03.23"]
[Round "8.62"]
[White "Kett, Timothy J"]
[Black "Townsend, M Paul"]
[Result "1-0"]
[WhiteElo "2234"]
[BlackElo "2251"]
[PlyCount "95"]
[EventDate "2014.03.23"]
[WhiteTeam "Rhyfelwyr Essyllwg"]
[BlackTeam "White Rose 2"]

1. e4 e6 2. d4 d5 3. Nc3 Bb4 4. e5 c5 5. a3 Bxc3+ 6. bxc3 Qc7 7. Qg4 f5 8. Qg3
Nc6 9. Bb5 cxd4 10. cxd4 Nge7 11. c3 O-O 12. Ne2 Bd7 13. O-O Na5 14. Bd3 Rac8
15. Qh4 Be8 16. Bg5 Ng6 17. Qg3 h6 18. Bc1 Nb3 19. Rb1 Nxc1 20. Rfxc1 Qe7 21.
c4 f4 22. Qg4 f3 23. gxf3 Nh4 24. f4 Bc6 25. c5 Rf7 26. Rc3 a6 27. Ng3 Rcf8 28.
Nh5 Kh8 29. Bc2 Bb5 30. a4 Be8 31. Rb6 Bc6 32. Rg3 Nf5 33. Bxf5 exf5 34. Qg6
Re8 35. Kh1 Qe6 36. a5 Rfe7 37. Rb1 Rg8 38. Rbg1 Qxg6 39. Rxg6 Be8 40. Nf6 Bxg6
41. Nxg8 Re6 42. Nf6 gxf6 43. Rxg6 Kh7 44. Rg3 Re7 45. Rb3 Kg6 46. Kg2 fxe5 47.
fxe5 Kg5 48. Kf3 1-0

[Event "4NCL Division 2d"]
[Site "Hinckley Island ENG"]
[Date "2014.03.23"]
[Round "8.63"]
[White "Weller, Jean-Luc"]
[Black "Trevelyan, John"]
[Result "1-0"]
[WhiteElo "2192"]
[BlackElo "2122"]
[PlyCount "63"]
[EventDate "2014.03.23"]
[WhiteTeam "White Rose 2"]
[BlackTeam "Rhyfelwyr Essyllwg"]

1. d4 d6 2. e4 e5 3. Nf3 Nc6 4. Be3 Nf6 5. Nc3 Ng4 6. Qd2 Nxe3 7. Qxe3 exd4 8.
Nxd4 g6 9. Nxc6 bxc6 10. Qd4 Rg8 11. Bc4 Qg5 12. f4 Qa5 13. Qf6 Rg7 14. O-O-O
Qc5 15. Bb3 Be6 16. Rhe1 Kd7 17. Rd4 Re8 18. Red1 Bxb3 19. axb3 Re6 20. Qh4 g5
21. Qh5 Be7 22. b4 Qb6 23. Na4 Qb5 24. Nc5+ Kd8 25. Nxe6+ fxe6 26. Qh6 Rf7 27.
e5 Kd7 28. exd6 cxd6 29. Re1 Qf5 30. Re5 Rf6 31. Qh5 Qg6 32. Rxg5 1-0

[Event "4NCL Division 2d"]
[Site "Hinckley Island ENG"]
[Date "2014.03.23"]
[Round "8.64"]
[White "Young, Alan"]
[Black "Adams, David M"]
[Result "1-0"]
[WhiteElo "2019"]
[BlackElo "2212"]
[PlyCount "55"]
[EventDate "2014.03.23"]
[WhiteTeam "Rhyfelwyr Essyllwg"]
[BlackTeam "White Rose 2"]

1. e4 d6 2. d4 Nf6 3. Nc3 e5 4. Nf3 Nbd7 5. g4 Nxg4 6. Rg1 Ngf6 7. Be3 c6 8.
Bc4 Nb6 9. Bb3 exd4 10. Qxd4 Be6 11. Bxe6 fxe6 12. O-O-O e5 13. Qd3 Qc7 14. Ng5
Qd7 15. f4 exf4 16. Bxb6 axb6 17. e5 dxe5 18. Qc4 Qe7 19. Rge1 Nd7 20. Nce4
O-O-O 21. Nf7 Qb4 22. Nfd6+ Bxd6 23. Nxd6+ Qxd6 24. Rxd6 Rhe8 25. Red1 Re7 26.
Rxc6+ bxc6 27. Qxc6+ Kb8 28. Qd6+ 1-0

[Event "4NCL Division 2d"]
[Site "Hinckley Island ENG"]
[Date "2014.03.23"]
[Round "8.65"]
[White "Shaw, Peter"]
[Black "Hewitt, William AR"]
[Result "1-0"]
[WhiteElo "2160"]
[BlackElo "2042"]
[PlyCount "43"]
[EventDate "2014.03.23"]
[WhiteTeam "White Rose 2"]
[BlackTeam "Rhyfelwyr Essyllwg"]

1. d4 Nf6 2. c4 g6 3. Nc3 d5 4. cxd5 Nxd5 5. Bd2 Nb6 6. Nf3 Bg7 7. Bf4 O-O 8.
e3 c5 9. dxc5 N6d7 10. Bc4 h6 11. Qc2 e5 12. Bxh6 Bxh6 13. Qxg6+ Bg7 14. Ng5
Nf6 15. Rd1 Qa5 16. O-O Be6 17. Bxe6 fxe6 18. Nxe6 Rf7 19. Rd8+ Qxd8 20. Nxd8
Re7 21. Rd1 Nbd7 22. Ne6 1-0

[Event "4NCL Division 2d"]
[Site "Hinckley Island ENG"]
[Date "2014.03.23"]
[Round "8.66"]
[White "Bullen, Alex"]
[Black "Burnett, Jim"]
[Result "1/2-1/2"]
[WhiteElo "2024"]
[BlackElo "2143"]
[PlyCount "64"]
[EventDate "2014.03.23"]
[WhiteTeam "Rhyfelwyr Essyllwg"]
[BlackTeam "White Rose 2"]

1. e4 e6 2. Nf3 d5 3. Nc3 Nf6 4. e5 Nfd7 5. d4 c5 6. dxc5 Nc6 7. Bf4 Bxc5 8.
Bd3 f6 9. exf6 Nxf6 10. Qe2 O-O 11. O-O-O Bd7 12. Ne5 Qe7 13. Rhf1 Nb4 14. Bg5
Rac8 15. Kb1 a6 16. Nxd7 Qxd7 17. f4 Rce8 18. Rf3 g6 19. h4 Qc7 20. Bxf6 Rxf6
21. h5 Nxd3 22. Rdxd3 Ref8 23. hxg6 Rxg6 24. f5 exf5 25. Nxd5 Qf7 26. Qd2 Rg4
27. Nf4 Re8 28. c3 Bf8 29. Nd5 Qg6 30. Nf4 Qf7 31. Nd5 Qg6 32. Nf4 Qf7 1/2-1/2

[Event "4NCL Division 2d"]
[Site "Hinckley Island ENG"]
[Date "2014.03.23"]
[Round "8.67"]
[White "Weller, Pierre"]
[Black "Kostanjsek, Luke"]
[Result "1-0"]
[WhiteElo "2109"]
[BlackElo "1960"]
[PlyCount "63"]
[EventDate "2014.03.23"]
[WhiteTeam "White Rose 2"]
[BlackTeam "Rhyfelwyr Essyllwg"]

1. d4 Nf6 2. c4 g6 3. Nc3 Bg7 4. e4 d6 5. Nf3 O-O 6. Be2 e5 7. d5 Nbd7 8. Bg5
a5 9. O-O Nc5 10. Nd2 h6 11. Be3 Nfd7 12. b3 f5 13. f3 f4 14. Bf2 Nf6 15. a3 b6
16. b4 Ncd7 17. Nb5 Rf7 18. Rc1 Bf8 19. Nb3 a4 20. Nd2 g5 21. c5 dxc5 22. bxc5
Nxc5 23. Nc4 Bd6 24. Rb1 Rb8 25. Nbxd6 cxd6 26. Bxc5 dxc5 27. Nxe5 Rg7 28. Nc6
Qc7 29. Nxb8 Qxb8 30. Qxa4 g4 31. Qc6 Nxe4 32. Qe8+ 1-0

[Event "4NCL Division 2d"]
[Site "Hinckley Island ENG"]
[Date "2014.03.23"]
[Round "8.68"]
[White "Hatchett, Paul D"]
[Black "O'Driscoll, Kieran"]
[Result "0-1"]
[WhiteElo "1992"]
[BlackElo "2115"]
[PlyCount "72"]
[EventDate "2014.03.23"]
[WhiteTeam "Rhyfelwyr Essyllwg"]
[BlackTeam "White Rose 2"]

1. e4 d5 2. exd5 Nf6 3. Nf3 Nxd5 4. d4 g6 5. Be2 Bg7 6. O-O O-O 7. c4 Nb6 8. h3
Nc6 9. Be3 e5 10. d5 Ne7 11. Nc3 Nf5 12. Bc5 Re8 13. Ba3 e4 14. Ne1 Qg5 15. Bg4
Nxc4 16. Qa4 Ncd6 17. Kh1 h5 18. Bxd6 Nxd6 19. Bxc8 Raxc8 20. Qxa7 Qd2 21. Qa3
Nc4 22. Qb3 Qxb2 23. Qxb2 Nxb2 24. Nb5 Red8 25. Rc1 Rxd5 26. Rxc7 Rxc7 27. Nxc7
Rc5 28. Ne8 Be5 29. f4 Bd4 30. Nd6 Rc1 31. Nxe4 Nd3 32. Nxd3 Rxf1+ 33. Kh2 f5
34. Ng5 Rd1 35. Ne5 h4 36. Nxg6 Bg1+ 0-1

[Event "4NCL Division 2d"]
[Site "Hinckley Island ENG"]
[Date "2014.03.23"]
[Round "8.71"]
[White "Padilla Cabero, Pablo"]
[Black "Byway, Paul V"]
[Result "1-0"]
[WhiteElo "2161"]
[BlackElo "2125"]
[PlyCount "123"]
[EventDate "2014.03.23"]
[WhiteTeam "Brown Jack"]
[BlackTeam "Poisoned Pawns"]

1. e4 c5 2. Nc3 e6 3. Nge2 Nc6 4. g3 d5 5. Bg2 d4 6. Nb1 e5 7. a4 Be6 8. d3 Qd7
9. Na3 f6 10. h4 Bd6 11. Bd2 Nge7 12. b3 h5 13. Nc4 Bc7 14. Ng1 Bg4 15. f3 Be6
16. Bh3 Nc8 17. Bxe6 Qxe6 18. Nh3 Nd6 19. Nxd6+ Bxd6 20. Qe2 O-O-O 21. O-O-O
Bc7 22. f4 Rdf8 23. f5 Qe8 24. Rdg1 Rf7 25. g4 hxg4 26. Rxg4 Bd6 27. Nf2 Bf8
28. Nd1 Rd7 29. Nb2 Qh5 30. Nc4 Nd8 31. Qg2 Nf7 32. Rxg7 Bxg7 33. Qxg7 Nd6 34.
Qxf6 Nxc4 35. bxc4 Re8 36. Qg6 Qxg6 37. fxg6 Rh8 38. Bg5 Rd6 39. g7 Rg8 40. Be7
Rg6 41. Bf8 R8xg7 42. Bxg7 Rxg7 43. h5 Rh7 44. h6 b6 45. Rh5 Kb7 46. Kb2 Ka6
47. Ka3 Ka5 48. Kb3 a6 49. Ka3 b5 50. Rxe5 Rxh6 51. Rxc5 Kb6 52. Rd5 bxc4 53.
Rxd4 cxd3 54. cxd3 Rh1 55. Rd5 Rb1 56. d4 Kc6 57. Rc5+ Kb6 58. e5 Rd1 59. Rd5
Rd3+ 60. Kb4 a5+ 61. Kc4 Ra3 62. Rd6+ 1-0

[Event "4NCL Division 2d"]
[Site "Hinckley Island ENG"]
[Date "2014.03.23"]
[Round "8.72"]
[White "Goodger, Martyn"]
[Black "Martin, Lewis"]
[Result "1-0"]
[WhiteElo "2109"]
[BlackElo "2048"]
[PlyCount "73"]
[EventDate "2014.03.23"]
[WhiteTeam "Poisoned Pawns"]
[BlackTeam "Brown Jack"]

1. e4 Nf6 2. Nc3 d5 3. e5 d4 4. exf6 dxc3 5. fxg7 cxd2+ 6. Bxd2 Bxg7 7. Qf3 Be6
8. Bc3 Bxc3+ 9. Qxc3 f6 10. Rd1 Nd7 11. Bc4 Bxc4 12. Qxc4 c6 13. Nf3 Qc7 14.
O-O O-O-O 15. Qe6 Rhe8 16. Qh3 e5 17. Rfe1 e4 18. Nd4 Qe5 19. Re3 Kc7 20. c3
Nf8 21. Rde1 Qd5 22. a3 Re5 23. Qg3 Kb6 24. b4 Ng6 25. a4 Rd7 26. a5+ Ka6 27.
Qg4 f5 28. Qe2+ b5 29. axb6+ Kxb6 30. Ra1 f4 31. Qa6+ Kc7 32. Qxa7+ Kd6 33.
Qb8+ Ke7 34. Rh3 h5 35. Ra5 Qd6 36. Rxe5+ Nxe5 37. Nf5+ 1-0

[Event "4NCL Division 2d"]
[Site "Hinckley Island ENG"]
[Date "2014.03.23"]
[Round "8.74"]
[White "Kemp, Paul R"]
[Black "Girdlestone, Paul C"]
[Result "0-1"]
[WhiteElo "2085"]
[BlackElo "2116"]
[PlyCount "52"]
[EventDate "2014.03.23"]
[WhiteTeam "Poisoned Pawns"]
[BlackTeam "Brown Jack"]

1. e4 e5 2. Bc4 Nc6 3. Nc3 Nf6 4. d3 Bb4 5. Bg5 h6 6. Bh4 g5 7. Bg3 d5 8. exd5
Nxd5 9. Nge2 Bg4 10. Qd2 Nf4 11. Bxf4 gxf4 12. f3 Qh4+ 13. Kd1 Bh5 14. a3 Bc5
15. Nd5 O-O-O 16. b4 Be3 17. Qe1 Qg5 18. Nxe3 fxe3 19. g4 e4 20. fxe4 Bxg4 21.
Kc1 Ne5 22. h4 Qg7 23. Ra2 Nxc4 24. dxc4 Rd2 25. Rg1 Rhd8 26. Qg3 Rd1+ 0-1

[Event "4NCL Division 2d"]
[Site "Hinckley Island ENG"]
[Date "2014.03.23"]
[Round "8.75"]
[White "Richmond, Peter A"]
[Black "Rosen, Daniel B"]
[Result "1-0"]
[WhiteElo "2186"]
[BlackElo "2083"]
[PlyCount "47"]
[EventDate "2014.03.23"]
[WhiteTeam "Brown Jack"]
[BlackTeam "Poisoned Pawns"]

1. e4 d6 2. d4 g6 3. Nc3 Bg7 4. f4 Nf6 5. e5 Nfd7 6. Nf3 O-O 7. Ng5 Nb6 8. Bd3
Na6 9. e6 fxe6 10. Nxh7 Kxh7 11. Qh5+ Kg8 12. Bxg6 Rf6 13. f5 exf5 14. Qh7+ Kf8
15. Bh6 Rxg6 16. Qxg6 Bxh6 17. Qxh6+ Kg8 18. Qg6+ Kh8 19. O-O e5 20. dxe5 dxe5
21. Rad1 Qe7 22. Rf3 f4 23. Ne4 Bd7 24. Nf6 1-0

[Event "4NCL Division 2d"]
[Site "Hinckley Island ENG"]
[Date "2014.03.23"]
[Round "8.76"]
[White "McCorry, Robert T"]
[Black "Hackett, Dave G"]
[Result "1-0"]
[WhiteElo "2038"]
[BlackElo "2120"]
[PlyCount "79"]
[EventDate "2014.03.23"]
[WhiteTeam "Poisoned Pawns"]
[BlackTeam "Brown Jack"]

1. Nf3 Nf6 2. c4 g6 3. Nc3 Bg7 4. g3 O-O 5. Bg2 Nc6 6. d4 d6 7. O-O e5 8. e4
Bg4 9. d5 Nd4 10. Be3 Nd7 11. Rc1 c5 12. dxc6 bxc6 13. Bxd4 exd4 14. Ne2 c5 15.
h3 Bxf3 16. Bxf3 Bh6 17. Rb1 Ne5 18. Bg2 Nxc4 19. Nf4 Rb8 20. Qc2 Ne5 21. Nd5
Nd7 22. f4 Nb6 23. Rfe1 Nxd5 24. exd5 Re8 25. Re2 Rxe2 26. Qxe2 Qe8 27. Bf1 Bg7
28. b3 Qxe2 29. Bxe2 Re8 30. Kf2 g5 31. fxg5 Re5 32. Bf3 Rxg5 33. h4 Re5 34.
Re1 f5 35. g4 fxg4 36. Rxe5 dxe5 37. Bxg4 Bf6 38. h5 e4 39. Bf5 Bh4+ 40. Ke2
1-0

[Event "4NCL Division 2d"]
[Site "Hinckley Island ENG"]
[Date "2014.03.23"]
[Round "8.77"]
[White "Bourne, Johnathan D"]
[Black "McMahon, Paul"]
[Result "0-1"]
[WhiteElo "2019"]
[BlackElo "1972"]
[PlyCount "50"]
[EventDate "2014.03.23"]
[WhiteTeam "Brown Jack"]
[BlackTeam "Poisoned Pawns"]

1. e4 d5 2. exd5 Qxd5 3. Nc3 Qd6 4. g3 Nf6 5. Bg2 c6 6. d4 Bf5 7. Nge2 Nbd7 8.
Bf4 Qb4 9. O-O e6 10. Rb1 Be7 11. a3 Qb6 12. b4 Nd5 13. b5 O-O 14. Rb3 N7f6 15.
Be5 Rac8 16. bxc6 Qxc6 17. Nxd5 Nxd5 18. c4 Qxc4 19. Rxb7 Bxa3 20. Rxa7 Bb2 21.
Ra4 Qb5 22. Ra2 Rc2 23. g4 Bg6 24. Bxd5 Qxd5 25. Ra4 Qb5 0-1

[Event "4NCL Division 2d"]
[Site "Hinckley Island ENG"]
[Date "2014.03.23"]
[Round "8.78"]
[White "Sucikova, Svetlana"]
[Black "Whatley, Stephen AJ (jnr)"]
[Result "1-0"]
[WhiteElo "1966"]
[BlackElo "1862"]
[PlyCount "167"]
[EventDate "2014.03.23"]
[WhiteTeam "Poisoned Pawns"]
[BlackTeam "Brown Jack"]

1. c4 f5 2. d4 Nf6 3. Nc3 g6 4. Nf3 Bg7 5. e3 d6 6. Be2 O-O 7. O-O Qe8 8. d5 e5
9. dxe6 Bxe6 10. Nd4 Bf7 11. Qc2 Na6 12. Rd1 Nc5 13. Rb1 Kh8 14. b3 Bg8 15. Bf3
Qf7 16. Ba3 Nfe4 17. Nd5 c6 18. Nf4 Be5 19. b4 Na6 20. Bxe4 fxe4 21. Nde6 Rfe8
22. Rxd6 Qf6 23. Qxe4 Bxe6 24. Rxe6 Rxe6 25. Nxe6 Re8 26. Nf4 g5 27. g3 Nc7 28.
Nd3 Ba1 29. Qg4 Qc3 30. Qe2 Rd8 31. Rb3 Qxc4 32. Bb2+ Bxb2 33. Qxb2+ Kg8 34.
Qc3 Qe4 35. Qe5 Qxe5 36. Nxe5 Rd1+ 37. Kg2 Ra1 38. a3 Nb5 39. Nc4 Kf7 40. Kf3
Ra2 41. h3 Ke6 42. Rd3 h5 43. e4 Rc2 44. Na5 Nd6 45. Nb3 Ra2 46. Na5 g4+ 47.
hxg4 hxg4+ 48. Ke3 Ke5 49. f3 Rg2 50. f4+ Ke6 51. Kd4 Re2 52. f5+ Kf6 53. Re3
Rxe3 54. Kxe3 Ke5 55. f6 Kxf6 56. Kf4 Ke6 57. a4 Kd7 58. Nb3 b6 59. Nd2 c5 60.
bxc5 bxc5 61. e5 Nf7 62. Kf5 Nd8 63. Ne4 c4 64. Nc3 Nc6 65. e6+ Ke7 66. Kxg4
Kxe6 67. Kf4 Ne7 68. Ke4 Nf5 69. g4 Nh6 70. g5 Nf7 71. g6 Nd6+ 72. Kd4 Kf6 73.
Nb5 Nc8 74. a5 Kxg6 75. Kxc4 Kf6 76. Kc5 Ke7 77. Kc6 Kd8 78. a6 Ne7+ 79. Kb7
Nd5 80. Nxa7 Kd7 81. Nb5 Nb4 82. a7 Nc6 83. a8=Q Nd8+ 84. Kb6 1-0